000 00966cam a22002415a 4500
001 L160068
008 180516s2018 xxk f 000 0 eng d
035 _a(Sirsi) u160068
041 0 _aeng
110 2 _aLabour Party
_91611
245 0 0 _aHousing for the many
_bA Labour party green paper
_h[electronic resource]
260 _aLondon
_bLabour Party
_c2018
520 _aOutlines the Labour Party's plans for affordable housing including a target of 100, 000 new homes to be built a year. Argues that 'affordability' should be linked to income rather than market prices.
590 _aNTK
650 2 4 _aAFFORDABILITY
650 2 4 _aSOCIAL HOUSING
650 2 4 _aCOUNCIL HOUSING
651 4 _aUnited Kingdom
_y
690 _aAffordable housing
_96215
690 _aResidential property
_96266
856 4 0 _uhttps://www.labour.org.uk/wp-content/uploads/2018/04/Housing-for-the-Many-final.pdf
_zView the item free of charge from www.labour.org.uk.
942 _n0
999 _c116186
_d116186